Aumentei, mas não pedi (Record no. 155501)

MARC details
000 -LÍDER
campo de controle de tamanho fixo 00425 a2200145 4500
001 - NÚMERO DE CONTROLE
campo de controle 155501
040 ## - FONTE DA CATALOGAÇÃO
Instituição que transcreveu o registro Escola São Tomás de Aquino
100 ## - ENTRADA PRINCIPAL--NOME PESSOAL
Nome pessoal SIQUEIRA, Antonio Juraci
240 10 - TÍTULO UNIFORME
Título uniforme Aumentei, mas não pedi
Idioma da obra por
245 10 - TÍTULO
Título Aumentei, mas não pedi
300 ## - DESCRIÇÃO FÍSICA
Extensão 36
440 #1 - DECLARAÇÃO DE SÉRIE/ENTRADA ADICIONADA--TÍTULO
Título Paulinas
697 ## - ENTRADA DE ASSUNTO LOCAL--ENTIDADE COLETIVA (RLIN)
Nome corporativo ou nome da jurisdição Literatura de cordel Livros de bolso ou folhetos com histórias e músicas populares
942 ## - ELEMENTOS DE ENTRADA ADICIONADOS (KOHA)
Tipo de material Koha Livros
Holdings
Situação do descarte Situação das perdas Situação física Não pode ser emprestado Biblioteca de origem Biblioteca atual Data de aquisição Total de empréstimos Número de chamada completo Código de barras Data de último acesso Data do preço efetivo Tipo de material Koha
        ESTA - SÃO BENTO ESTA - SÃO BENTO 30/04/2024   398.5 SIQ AUM EST00009586 30/04/2024 30/04/2024 Livros